LEADER 01366nam a2200325 u 4500 001 000000011927 003 CaOOAMICUS 005 20070226105459.0 008 940516s1967 fr u000 u fre u 035 $a10292093 040 $aPUL(R)$bita 041 1 $afre$heng 100 1 $aGoudoever, J. van.$0(OLS)http://pul/name/11416 245 10$aFêtes et calendriers bibliques /$cpar J. van Goudoever ; traduit de l'anglais par Marie-Luc Kerremans ; préface par C.A. Rijk. 250 $a3. éd. revue et augmentée. 260 $aParis :$bBeauchesne,$cc1967. 300 $a393 p. ;$c22 cm 490 1 $aThéologie historique ;$v7 500 $aComprende indici. 650 4$aCalendario ebraico.$0(OLS)http://pul/subject/9001 650 4$aCalendario ecclesiastico.$0(OLS)http://pul/subject/9002 700 1 $aRijk, C. A.$0(OLS)http://pul/name/11418 700 1 $aKerremans, Marie-Luc.$0(OLS)http://pul/name/11417 830 0$aThéologie historique ;$v7.$0(OLS)http://pul/title/4061 850 $aPUL 852 $aPUL$W1$xSL Religione 2$y84$mTheol A9 7$j16826$nBK-PRI$b $qStampati altre collocazioni$B16826$CPULBib$Z2$F16826 $H $81 941 1 $a10 961 $aINV: 35999 996 $6245$aFêtes et calendriers bibliques$9(OLS)http://pul/title/17259 996 $6260$aParis :$bBeauchesne$9(OLS)http://pul/publisher/48115 LEADER 01008naa a2200253 a 4500 001 000000142401 003 CaOOAMICUS 005 20150323095133.0 008 150323s1975 gw u000 u ger r 040 $aPUL$bita 100 1 $aBosl, Karl,$d1908-$0(OLS)http://pul/name/6807 245 14$aDie Gesellschaft in der Geschichte des Mittelalters /$cKarl Bosl. 250 $a3., erw. Aufl. 260 $aGöttingen :$bVandenhoeck und Ruprecht,$c1975. 300 $a118 p. ;$c19 cm 504 $aBibliografia p. 112-118. 650 4$aMedioevo$xStoria sociale.$0(OLS)http://pul/subject/11575 850 $aPUL 852 $aPUL$W1$xDP1 Fondo Capitani$y116$m4 A 99$j164310$qFondi$B164478$CPULBib$Z2$F164478 $HCap593 $82 941 1 $a1 961 $aNota ms. di possesso: Capitani. 996 $6245$aDie Gesellschaft in der Geschichte des Mittelalters$9(OLS)http://pul/title/180243 996 $6260$aGöttingen :$bVandenhoeck und Ruprecht$9(OLS)http://pul/publisher/51622